000 00433nam a2200145Ia 4500
008 100204s9999 xx 000 0 und d
082 _b12281
100 _aशिरोडकर रजनी
245 _aमंजुळा
260 _bबांदोडकर पब्लिशिंग हाऊस गोवा
_c1989
300 _a173
630 _aमंजुळा
730 _aमंजुळा
942 _cBOOK
999 _c456714
_d456711